000 00749nam a2200217 a 4500
001 000030141
005 20200930060058.0
008 110503s1975 sp ac 000 0 spa d
020 _a8431612738
040 _aDO-SdBNP
_bspa
_cBNPHU
082 _axxxx
_bxxxx
100 1 _aBeaujeu-Garnier, Jacqueline
_956853
245 1 0 _aTratado de geografia urbana /
_cJacqueline Beaujeu-Garnier, Georges Chabot ; prólogo J. Vilá Valentí.
260 _aBarcelona :
_bVicens-Vives,
_c1975.
300 _a587 p. :
_bil., retr. ;
_c24 cm.
500 _aBibliografía : p. 553-576
500 _aTraducido del idioma ingles
500 _aIncluye índice de nombres de ciudades
700 1 _aChabot, Georges
_956854
700 1 _aValentí, J. Vilá,
_eprol.
_956855
999 _c29633
_d29633